| 000 | 00624nam a2200205 a 4500 | ||
|---|---|---|---|
| 001 | BRCA_5791 | ||
| 005 | 20190320205221.0 | ||
| 008 | 100311s2010----enka######---#000-0#eng-# | ||
| 020 | _a9781904832775 | ||
| 041 | _aeng | ||
| 044 | _aenk | ||
| 050 | 4 |
_aN518.B5 _b.B57 2010 |
|
| 245 | 1 | 0 |
_aBirmingham Museum of Art _bguide to the collection. |
| 260 |
_aBirmingham _bBirmingham Museum of Art _c2010 |
||
| 300 |
_a286 p. _bil. a color _c26 cm. |
||
| 500 | _aIncluye índice alfabético | ||
| 610 | 2 | 4 |
_aBirmingham Museum of Art _vGuías _xColecciones de arte _914683 |
| 650 | 1 | 4 |
_aArte _vGuías _zBirmingham _914684 |
| 942 |
_2lcc _cB |
||
| 999 |
_c5480 _d5480 |
||